| 000 | 00366nam a22001337a 4500 | ||
|---|---|---|---|
| 999 |
_c9511 _d9511 |
||
| 003 | OSt | ||
| 005 | 20210630114249.0 | ||
| 008 | 210630b ||||| |||| 00| 0 eng d | ||
| 082 |
_a745.5 _bLEV |
||
| 100 | _a Levine, Faythe | ||
| 245 | _aHandmade nation : the rise of DIY, art, craft, and design | ||
| 260 |
_aNew York _bPrinceton architectural press _c2008 |
||
| 942 | _2ddc | ||